| 000 | 01465nam a22003857a 4500 | ||
|---|---|---|---|
| 005 | 20171005020002.0 | ||
| 008 | 151127b2014 ck ||||fr|||| 00| 0 spa d | ||
| 040 |
_aCO-BoIAVH _cCO-BoIAVH |
||
| 041 | 0 | _aspa | |
| 044 | _ack | ||
| 082 | 0 | 4 |
_a577.5072 _bG15m |
| 100 | 1 | _aGalindo, Gustavo | |
| 245 | 1 | 0 |
_aMemoria técnica de la Cuantificación de la superfecie de bosque natural y deforestación a nivel nacional / _cGustavo Galindo [y otros 13] |
| 260 | 3 |
_aBogotá : _bIDEAM, _c2014. |
|
| 300 |
_a56 páginas : _bmapas, tablas y gráficas a color ; _c28 x 22 cm. |
||
| 500 | _aIncluye glosario. | ||
| 504 | _aIncluye referencias bibliográficas (páginas 49-51). | ||
| 650 | 6 |
_aBosque natural _xSuperficie _zColombia |
|
| 650 | 6 |
_aBosque natural _xManejo _xSuperficie _y2013 - 2014 _zColombia |
|
| 650 | 6 |
_aDeforestación _y2013 - 2014 _zColombia |
|
| 700 | 1 | _aEspejo, Óscar Javier | |
| 700 | 1 | _aRamírez, Juan Pablo | |
| 700 | 1 | _aForero, Cristhian | |
| 700 | 1 | _aValbuena, Cesar Agusto | |
| 700 | 1 | _aRubiano, Juan Carlos | |
| 700 | 1 | _aPalacios, Santiago | |
| 700 | 1 | _aLozano, Rosa Helena | |
| 700 | 1 | _aVargas, Kattia Magreth | |
| 700 | 1 | _aPalacios, Adriana | |
| 700 | 1 | _aFranco, Carol Andrea | |
| 700 | 1 | _aGranados, Edwin Iván | |
| 700 | 1 | _aVergara, Lina Katherine | |
| 700 | 1 | _aCabrera, Edersson | |
| 942 |
_2ddc _cLIBRO _01 |
||
| 999 |
_c17889 _d17889 |
||